| 000 | 00644nam a2200205 4500 | ||
|---|---|---|---|
| 999 |
_c8277 _d8277 |
||
| 001 | 21792 | ||
| 003 | BD-DhUAP | ||
| 005 | 20230406115538.0 | ||
| 008 | 230406b2009 bg ||||| |||| 00| 0 eng d | ||
| 020 | _a9847022000400 | ||
| 040 |
_aBD-DhUAP _bEng _cBD-DhUAP _dBD-DhUAP |
||
| 082 |
_223 _a928.5492 CHO |
||
| 100 | _aChoudhury, Ziauddin M. | ||
| 245 |
_aAssassination of Ziaur Rahman and the aftermath / _cZiauddin M. Choudhury |
||
| 260 |
_aDhaka : _bUniversity Press, _cc2009. |
||
| 300 |
_a93 p. : _c22 cm. |
||
| 600 |
_2 Ziaur, _aRahman, _d1936-1981 _x Assassination. |
||
| 651 |
_a Bangladesh _xPolitics and government _y1971- |
||
| 942 |
_2ddc _cBK |
||